[Event "Kadettlandskamp NOR-SWE B 2018"]
[Site "NTG, Bærum, Norway"]
[Date "2018.12.15"]
[Round "8.3"]
[White "Nguyen, Gabriel"]
[Black "Nielsen, Andre"]
[Result "0-1"]
[BlackTitle "FM"]
[WhiteFideId "1720791"]
[BlackFideId "1518240"]
[WhiteElo "1906"]
[BlackElo "1917"]

1. d4 {[%clk 00:15:18]} {[%emt 00:00:01]} Nf6 {[%clk 00:15:18]} {[%emt
00:00:03]} 2. c4 {[%clk 00:15:26]} {[%emt 00:00:02]} e6 {[%clk 00:15:26]}
{[%emt 00:00:02]} 3. Nf3 {[%clk 00:15:34]} b6 {[%clk 00:15:33]} {[%emt
00:00:04]} 4. g3 {[%clk 00:15:43]} {[%emt 00:00:02]} Ba6 {[%clk 00:15:40]}
{[%emt 00:00:02]} 5. Qc2 {[%clk 00:15:39]} {[%emt 00:00:14]} Bb7 {[%clk
00:15:30]} {[%emt 00:00:19]} 6. Bg2 {[%clk 00:15:44]} {[%emt 00:00:06]} c5
{[%clk 00:15:36]} {[%emt 00:00:03]} 7. dxc5 {[%clk 00:15:07]} {[%emt 00:00:47]}
Bxc5 {[%clk 00:14:58]} {[%emt 00:00:49]} 8. O-O {[%clk 00:14:56]} {[%emt
00:00:22]} Nc6 {[%clk 00:15:00]} {[%emt 00:00:06]} 9. a3 {[%clk 00:15:02]}
{[%emt 00:00:05]} a5 {[%clk 00:13:50]} {[%emt 00:01:20]} 10. Nc3 {[%clk
00:14:48]} {[%emt 00:00:24]} O-O {[%clk 00:12:46]} {[%emt 00:01:13]} 11. b3
{[%clk 00:14:28]} {[%emt 00:00:31]} d5 {[%clk 00:12:31]} {[%emt 00:00:24]} 12.
cxd5 {[%clk 00:14:24]} {[%emt 00:00:15]} Nxd5 {[%clk 00:11:55]} {[%emt
00:00:45]} 13. Nxd5 {[%clk 00:14:02]} {[%emt 00:00:32]} Qxd5 {[%clk 00:11:33]}
{[%emt 00:00:32]} 14. Ng5 {[%clk 00:13:23]} {[%emt 00:00:49]} Qxg2+ {[%clk
00:11:23]} {[%emt 00:00:20]} 15. Kxg2 {[%clk 00:13:25]} {[%emt 00:00:08]} Nd4+
{[%clk 00:11:25]} {[%emt 00:00:06]} 16. Qe4 {[%clk 00:13:27]} {[%emt 00:00:09]}
Bxe4+ {[%clk 00:11:28]} {[%emt 00:00:08]} 17. Nxe4 {[%clk 00:13:34]} {[%emt
00:00:03]} Nxb3 {[%clk 00:11:13]} {[%emt 00:00:24]} 18. Rb1 {[%clk 00:13:28]}
{[%emt 00:00:17]} a4 {[%clk 00:08:32]} {[%emt 00:02:50]} 19. Bb2 {[%clk
00:12:46]} {[%emt 00:00:52]} f5 {[%clk 00:07:13]} {[%emt 00:01:29]} 20. Nxc5
{[%clk 00:12:53]} {[%emt 00:00:05]} bxc5 {[%clk 00:07:15]} {[%emt 00:00:08]} 21.
Rfd1 {[%clk 00:12:45]} {[%emt 00:00:17]} Rfd8 {[%clk 00:07:10]} {[%emt
00:00:15]} 22. Bc3 {[%clk 00:12:31]} {[%emt 00:00:24]} Rd5 {[%clk 00:06:54]}
{[%emt 00:00:26]} 23. Rd3 {[%clk 00:11:20]} {[%emt 00:01:21]} Rad8 {[%clk
00:05:49]} {[%emt 00:01:15]} 24. Rbd1 {[%clk 00:10:44]} {[%emt 00:00:47]} Kf7
{[%clk 00:04:42]} {[%emt 00:01:18]} 25. h4 {[%clk 00:10:33]} {[%emt 00:00:22]}
g6 {[%clk 00:04:38]} {[%emt 00:00:14]} 26. f3 {[%clk 00:09:44]} {[%emt
00:00:58]} Rxd3 {[%clk 00:04:04]} {[%emt 00:00:45]} 27. exd3 {[%clk 00:09:35]}
{[%emt 00:00:20]} c4 {[%clk 00:03:39]} {[%emt 00:00:34]} 28. Kf2 {[%clk
00:08:39]} {[%emt 00:01:06]} Rxd3 {[%clk 00:03:13]} {[%emt 00:00:36]} 29. Rxd3
{[%clk 00:08:47]} {[%emt 00:00:02]} cxd3 {[%clk 00:03:21]} {[%emt 00:00:03]} 30.
Ke3 {[%clk 00:08:55]} {[%emt 00:00:02]} d2 {[%clk 00:02:22]} {[%emt 00:01:08]}
31. Bxd2 {[%clk 00:08:55]} {[%emt 00:00:11]} Nxd2 {[%clk 00:02:24]} {[%emt
00:00:09]} 32. Kxd2 {[%clk 00:09:03]} {[%emt 00:00:02]} e5 {[%clk 00:02:31]}
{[%emt 00:00:03]} 33. Kc3 {[%clk 00:09:07]} {[%emt 00:00:06]} Ke6 {[%clk
00:02:15]} {[%emt 00:00:25]} 34. Kb4 {[%clk 00:09:15]} {[%emt 00:00:03]} Kd5
{[%clk 00:01:52]} {[%emt 00:00:32]} 35. Kc3 {[%clk 00:09:05]} {[%emt 00:00:20]}
e4 {[%clk 00:01:27]} {[%emt 00:00:35]} 36. Kd2 {[%clk 00:09:13]} {[%emt
00:00:02]} Kd4 {[%clk 00:01:24]} {[%emt 00:00:12]} 37. fxe4 {[%clk 00:09:13]}
{[%emt 00:00:11]} fxe4 {[%clk 00:01:29]} {[%emt 00:00:05]} 38. Ke2 {[%clk
00:09:21]} {[%emt 00:00:02]} e3 {[%clk 00:01:30]} {[%emt 00:00:08]} 39. g4
{[%clk 00:09:30]} {[%emt 00:00:02]} Ke4 {[%clk 00:01:25]} {[%emt 00:00:15]} 40.
g5 {[%clk 00:09:38]} {[%emt 00:00:02]} Kf4 {[%clk 00:01:24]} {[%emt 00:00:11]}
41. Kf1 {[%clk 00:09:38]} {[%emt 00:00:11]} Kf3 {[%clk 00:01:21]} {[%emt
00:00:12]} 42. Ke1 {[%clk 00:09:45]} {[%emt 00:00:02]} e2 {[%clk 00:01:19]}
{[%emt 00:00:12]} 43. Kd2 {[%clk 00:09:40]} {[%emt 00:00:16]} Kf2 {[%clk
00:01:23]} {[%emt 00:00:05]} 0-1

[Event "Kadettlandskamp NOR-SWE B 2018"]
[Site "NTG, Bærum, Norway"]
[Date "2018.12.15"]
[Round "8.4"]
[White "Melaa, Sondre Lillestøl"]
[Black "Rasti, Arvin"]
[Result "1-0"]
[WhiteFideId "1530470"]
[BlackFideId "1741160"]
[WhiteElo "1838"]
[BlackElo "1777"]

1. e4 {[%clk 00:15:17]} {[%emt 00:00:02]} c5 {[%clk 00:15:16]} {[%emt
00:00:06]} 2. Nf3 {[%clk 00:15:24]} {[%emt 00:00:02]} d6 {[%clk 00:15:25]} 3.
d4 {[%clk 00:15:33]} cxd4 {[%clk 00:15:34]} 4. Nxd4 {[%clk 00:15:40]} {[%emt
00:00:06]} Nf6 {[%clk 00:15:43]} {[%emt 00:00:01]} 5. Nc3 {[%clk 00:15:47]}
{[%emt 00:00:03]} a6 {[%emt 00:00:02]} 6. f3 {[%clk 00:15:55]} {[%emt
00:00:01]} e5 {[%clk 00:15:58]} {[%emt 00:00:04]} 7. Nb3 {[%clk 00:16:03]} Nc6
{[%clk 00:16:07]} {[%emt 00:00:02]} 8. Be3 {[%clk 00:16:07]} {[%emt 00:00:05]}
Be7 {[%clk 00:16:15]} {[%emt 00:00:03]} 9. Qd2 {[%clk 00:16:11]} {[%emt
00:00:04]} h5 {[%clk 00:16:21]} {[%emt 00:00:06]} 10. Nd5 {[%clk 00:16:06]}
{[%emt 00:00:14]} Nxd5 {[%clk 00:16:18]} {[%emt 00:00:13]} 11. exd5 {[%clk
00:16:13]} {[%emt 00:00:04]} Nb8 {[%clk 00:16:23]} {[%emt 00:00:05]} 12. Bd3
{[%clk 00:15:48]} {[%emt 00:00:34]} Nd7 {[%clk 00:16:24]} {[%emt 00:00:10]} 13.
O-O {[%clk 00:15:52]} {[%emt 00:00:05]} Nf6 {[%clk 00:16:28]} {[%emt 00:00:06]}
14. c4 {[%clk 00:15:59]} {[%emt 00:00:03]} h4 {[%clk 00:16:08]} {[%emt
00:00:31]} 15. Rac1 {[%clk 00:15:53]} {[%emt 00:00:16]} Nh5 {[%clk 00:15:43]}
{[%emt 00:00:34]} 16. c5 {[%clk 00:15:23]} {[%emt 00:00:40]} g5 {[%clk
00:15:28]} {[%emt 00:00:25]} 17. cxd6 {[%clk 00:14:38]} {[%emt 00:00:56]} Bf6
{[%clk 00:15:27]} {[%emt 00:00:12]} 18. Rfe1 {[%clk 00:14:18]} {[%emt
00:00:29]} g4 {[%clk 00:14:58]} {[%emt 00:00:38]} 19. Rxc8 {[%clk 00:12:59]}
{[%emt 00:01:30]} Qxc8 {[%clk 00:14:19]} {[%emt 00:00:49]} 20. Nc5 {[%clk
00:13:06]} {[%emt 00:00:03]} Kf8 {[%clk 00:13:28]} {[%emt 00:01:00]} 21. d7
{[%clk 00:13:08]} {[%emt 00:00:10]} Qd8 {[%clk 00:13:21]} {[%emt 00:00:16]} 22.
fxg4 {[%clk 00:13:11]} {[%emt 00:00:08]} Nf4 {[%clk 00:13:17]} {[%emt
00:00:13]} 23. Bxf4 {[%clk 00:13:03]} {[%emt 00:00:18]} exf4 {[%clk 00:13:26]}
{[%emt 00:00:02]} 24. Re8+ {[%clk 00:12:26]} {[%emt 00:00:46]} Qxe8 {[%clk
00:13:20]} {[%emt 00:00:17]} 25. dxe8=Q+ {[%clk 00:12:31]} {[%emt 00:00:05]}
Kxe8 {[%clk 00:13:23]} {[%emt 00:00:06]} 26. Qxf4 {[%clk 00:12:31]} {[%emt
00:00:10]} Bxb2 {[%clk 00:13:13]} {[%emt 00:00:21]} 27. Nxb7 {[%clk 00:12:22]}
{[%emt 00:00:19]} f6 {[%clk 00:12:37]} {[%emt 00:00:45]} 28. Qc7 {[%clk
00:12:02]} {[%emt 00:00:30]} Bd4+ {[%clk 00:12:29]} {[%emt 00:00:19]} 29. Kf1
{[%clk 00:12:09]} {[%emt 00:00:02]} Ra7 {[%clk 00:10:52]} {[%emt 00:01:47]} 30.
Bg6+ {[%clk 00:12:14]} {[%emt 00:00:06]} 1-0

[Event "Kadettlandskamp NOR-SWE B 2018"]
[Site "NTG, Bærum, Norway"]
[Date "2018.12.15"]
[Round "8.5"]
[White "Ivarsson, Sebastian"]
[Black "Abdrlauf, Elham"]
[Result "0-1"]
[WhiteFideId "1738593"]
[BlackFideId "1533533"]
[WhiteElo "1652"]
[BlackElo "2191"]

1. d4 {[%clk 00:15:16]} {[%emt 00:00:03]} Nf6 {[%clk 00:15:19]} {[%emt
00:00:01]} 2. c4 {[%emt 00:00:02]} e6 3. Nc3 {[%clk 00:15:29]} {[%emt
00:00:04]} c5 {[%clk 00:15:36]} {[%emt 00:00:04]} 4. e3 {[%clk 00:15:10]}
{[%emt 00:00:29]} cxd4 {[%clk 00:15:41]} {[%emt 00:00:05]} 5. exd4 {[%clk
00:15:19]} {[%emt 00:00:02]} d5 {[%clk 00:15:49]} 6. Nf3 {[%clk 00:15:27]}
{[%emt 00:00:02]} Be7 {[%clk 00:15:57]} {[%emt 00:00:02]} 7. Bg5 {[%clk
00:15:36]} {[%emt 00:00:02]} O-O {[%clk 00:16:04]} {[%emt 00:00:01]} 8. Bd3
{[%clk 00:15:44]} {[%emt 00:00:03]} dxc4 {[%clk 00:16:13]} {[%emt 00:00:02]} 9.
Bxc4 {[%clk 00:15:52]} {[%emt 00:00:02]} Nbd7 {[%clk 00:16:19]} {[%emt
00:00:03]} 10. O-O {[%clk 00:16:00]} {[%emt 00:00:03]} Nb6 {[%clk 00:16:26]}
{[%emt 00:00:03]} 11. Bd3 {[%clk 00:15:46]} {[%emt 00:00:23]} Nbd5 {[%clk
00:16:33]} {[%emt 00:00:03]} 12. Qe2 {[%clk 00:15:46]} {[%emt 00:00:10]} h6
{[%clk 00:16:29]} {[%emt 00:00:14]} 13. Bh4 {[%clk 00:15:55]} Nf4 {[%clk
00:16:37]} {[%emt 00:00:03]} 14. Qd2 {[%clk 00:15:40]} {[%emt 00:00:24]} Nxd3
{[%clk 00:16:30]} {[%emt 00:00:17]} 15. Qxd3 {[%clk 00:15:48]} {[%emt
00:00:02]} b6 {[%clk 00:16:35]} {[%emt 00:00:05]} 16. Rfd1 {[%clk 00:14:11]}
{[%emt 00:01:47]} Bb7 {[%clk 00:16:38]} {[%emt 00:00:08]} 17. Rac1 {[%clk
00:14:13]} {[%emt 00:00:08]} Rc8 {[%clk 00:16:39]} {[%emt 00:00:09]} 18. Ne5
{[%clk 00:13:24]} {[%emt 00:00:58]} Nd5 {[%clk 00:16:15]} {[%emt 00:00:35]} 19.
Bg3 {[%clk 00:12:00]} {[%emt 00:01:33]} Nxc3 {[%clk 00:15:39]} {[%emt
00:00:47]} 20. bxc3 {[%clk 00:10:17]} {[%emt 00:01:53]} Qd5 {[%clk 00:15:07]}
{[%emt 00:00:41]} 21. Qf3 {[%clk 00:10:20]} {[%emt 00:00:08]} Qxf3 {[%clk
00:15:13]} {[%emt 00:00:04]} 22. Nxf3 {[%clk 00:10:18]} {[%emt 00:00:12]} Ba3
{[%clk 00:15:21]} {[%emt 00:00:02]} 23. Rc2 {[%clk 00:10:19]} {[%emt 00:00:09]}
Be4 {[%clk 00:15:25]} {[%emt 00:00:06]} 24. Re2 {[%clk 00:10:03]} {[%emt
00:00:27]} Bxf3 {[%clk 00:15:33]} {[%emt 00:00:02]} 25. gxf3 {[%clk 00:10:12]}
{[%emt 00:00:02]} Rxc3 {[%clk 00:15:40]} {[%emt 00:00:02]} 26. d5 {[%clk
00:09:04]} {[%emt 00:01:19]} exd5 {[%clk 00:15:47]} {[%emt 00:00:03]} 27. Rxd5
{[%clk 00:09:11]} {[%emt 00:00:03]} Rxf3 {[%clk 00:15:42]} {[%emt 00:00:14]} 28.
Rd7 {[%clk 00:09:17]} {[%emt 00:00:05]} a5 {[%clk 00:15:49]} {[%emt 00:00:03]}
29. Rb7 {[%clk 00:09:16]} {[%emt 00:00:10]} Bc5 {[%clk 00:15:50]} {[%emt
00:00:10]} 30. Bc7 {[%clk 00:09:00]} {[%emt 00:00:26]} Rf6 {[%clk 00:15:59]}
{[%emt 00:00:01]} 31. Rb2 {[%clk 00:08:30]} {[%emt 00:00:39]} Re8 {[%clk
00:16:08]} 32. Bxb6 {[%clk 00:07:51]} {[%emt 00:00:50]} Bxb6 {[%clk 00:16:15]}
{[%emt 00:00:03]} 33. R7xb6 {[%clk 00:07:41]} {[%emt 00:00:20]} Rxb6 {[%clk
00:16:24]} {[%emt 00:00:01]} 34. Rxb6 {[%clk 00:07:50]} {[%emt 00:00:01]} Re2
{[%clk 00:16:33]} 35. a3 {[%clk 00:07:49]} {[%emt 00:00:11]} Ra2 {[%clk
00:16:34]} {[%emt 00:00:08]} 36. Rb8+ {[%clk 00:07:51]} {[%emt 00:00:08]} Kh7
{[%clk 00:16:43]} 37. Rb3 {[%clk 00:08:00]} {[%emt 00:00:02]} a4 {[%clk
00:16:51]} {[%emt 00:00:02]} 38. Rf3 {[%clk 00:08:04]} {[%emt 00:00:06]} Kg6
{[%clk 00:17:00]} {[%emt 00:00:01]} 39. Kg2 {[%clk 00:08:12]} {[%emt 00:00:02]}
f5 {[%clk 00:17:09]} {[%emt 00:00:01]} 40. Kg3 {[%clk 00:07:44]} {[%emt
00:00:38]} Rb2 {[%clk 00:17:18]} {[%emt 00:00:01]} 41. Kf4 {[%clk 00:06:53]}
{[%emt 00:01:00]} Rb3 {[%clk 00:17:24]} {[%emt 00:00:06]} 42. Rg3+ {[%clk
00:07:01]} {[%emt 00:00:01]} Rxg3 {[%clk 00:17:31]} {[%emt 00:00:03]} 43. fxg3
{[%clk 00:07:06]} {[%emt 00:00:06]} Kf6 {[%clk 00:17:40]} 44. h4 {[%clk
00:07:13]} {[%emt 00:00:03]} g5+ {[%clk 00:17:49]} 45. hxg5+ {[%clk 00:07:21]}
{[%emt 00:00:02]} hxg5+ {[%clk 00:17:59]} 46. Kf3 {[%clk 00:07:29]} {[%emt
00:00:02]} Ke5 {[%clk 00:18:09]} 47. Ke3 {[%clk 00:07:37]} {[%emt 00:00:01]}
Kd5 {[%clk 00:18:12]} {[%emt 00:00:07]} 48. Kd3 {[%clk 00:07:03]} {[%emt
00:00:43]} Ke5 {[%clk 00:18:15]} {[%emt 00:00:07]} 49. Ke3 {[%clk 00:07:11]}
{[%emt 00:00:02]} g4 {[%clk 00:18:17]} {[%emt 00:00:08]} 50. Kf2 {[%clk
00:06:59]} {[%emt 00:00:22]} Kd4 {[%clk 00:18:20]} {[%emt 00:00:07]} 51. Ke2
{[%clk 00:07:06]} {[%emt 00:00:03]} Ke4 {[%clk 00:18:10]} {[%emt 00:00:20]} 52.
Kf2 {[%clk 00:07:09]} {[%emt 00:00:06]} Kd3 {[%clk 00:18:15]} {[%emt 00:00:06]}
53. Kg2 {[%clk 00:07:08]} {[%emt 00:00:09]} Ke3 {[%clk 00:18:16]} {[%emt
00:00:10]} 54. Kg1 {[%clk 00:07:13]} {[%emt 00:00:06]} Kf3 {[%clk 00:18:23]}
{[%emt 00:00:03]} 55. Kh2 {[%clk 00:07:22]} {[%emt 00:00:01]} Kf2 {[%clk
00:18:31]} {[%emt 00:00:02]} 56. Kh1 {[%clk 00:07:31]} {[%emt 00:00:01]} Kxg3
{[%clk 00:18:38]} {[%emt 00:00:03]} 57. Kg1 {[%clk 00:07:40]} f4 {[%clk
00:18:47]} 58. Kh1 {[%clk 00:07:47]} {[%emt 00:00:03]} f3 {[%clk 00:18:56]}
{[%emt 00:00:02]} 59. Kg1 {[%clk 00:07:54]} {[%emt 00:00:03]} Kf4 {[%clk
00:19:05]} {[%emt 00:00:01]} 60. Kh1 {[%clk 00:07:53]} {[%emt 00:00:11]} g3
{[%clk 00:19:15]} 0-1

[Event "Kadettlandskamp NOR-SWE B 2018"]
[Site "NTG, Bærum, Norway"]
[Date "2018.12.15"]
[Round "8.6"]
[White "Muntean, Viktor"]
[Black "Kizatbay, Abyl"]
[Result "1/2-1/2"]
[WhiteFideId "1054414"]
[BlackFideId "1521853"]
[WhiteElo "1791"]
[BlackElo "1952"]

1. e4 {[%clk 00:15:19]} c5 {[%clk 00:15:20]} 2. c3 {[%clk 00:15:28]} d5 {[%clk
00:15:17]} {[%emt 00:00:12]} 3. exd5 Qxd5 {[%clk 00:15:26]} 4. d4 {[%clk
00:15:46]} {[%emt 00:00:01]} Nc6 {[%clk 00:15:35]} 5. Nf3 {[%clk 00:15:54]} Bf5
{[%clk 00:15:44]} {[%emt 00:00:01]} 6. Na3 {[%clk 00:15:50]} {[%emt 00:00:15]}
Nf6 {[%clk 00:15:22]} {[%emt 00:00:32]} 7. Bc4 {[%clk 00:15:53]} {[%emt
00:00:07]} Qe4+ {[%clk 00:15:19]} {[%emt 00:00:11]} 8. Be3 {[%clk 00:16:01]}
{[%emt 00:00:03]} Ng4 {[%clk 00:14:35]} {[%emt 00:00:54]} 9. Bxf7+ {[%clk
00:16:00]} {[%emt 00:00:11]} Kd8 {[%clk 00:14:10]} {[%emt 00:00:33]} 10. dxc5+
{[%clk 00:16:07]} {[%emt 00:00:05]} Kc8 {[%clk 00:14:15]} {[%emt 00:00:04]} 11.
Qe2 {[%clk 00:14:43]} {[%emt 00:01:35]} Nxe3 {[%clk 00:14:18]} {[%emt
00:00:07]} 12. Qxe3 {[%clk 00:14:46]} {[%emt 00:00:07]} Qxe3+ {[%clk 00:14:18]}
{[%emt 00:00:10]} 13. fxe3 {[%clk 00:14:54]} {[%emt 00:00:01]} e6 {[%clk
00:14:22]} {[%emt 00:00:02]} 14. Nd4 {[%clk 00:14:10]} {[%emt 00:00:59]} Bxc5
{[%clk 00:12:52]} {[%emt 00:01:40]} 15. Nxe6 {[%clk 00:13:40]} {[%emt
00:00:39]} Bxe3 {[%clk 00:11:14]} {[%emt 00:01:48]} 16. Nxg7 {[%clk 00:13:41]}
{[%emt 00:00:09]} Bd7 {[%clk 00:11:12]} {[%emt 00:00:12]} 17. Nc4 {[%clk
00:13:23]} {[%emt 00:00:28]} Bh6 {[%clk 00:10:07]} {[%emt 00:01:15]} 18. Nh5
{[%clk 00:12:49]} {[%emt 00:00:44]} Kc7 {[%clk 00:09:51]} {[%emt 00:00:26]} 19.
O-O {[%clk 00:12:26]} {[%emt 00:00:33]} b5 {[%clk 00:09:40]} {[%emt 00:00:21]}
20. Rf6 {[%clk 00:11:32]} {[%emt 00:01:03]} Bg5 {[%clk 00:09:40]} {[%emt
00:00:10]} 21. Na3 {[%clk 00:10:39]} {[%emt 00:01:04]} Bxf6 {[%clk 00:09:38]}
{[%emt 00:00:12]} 22. Nxb5+ {[%clk 00:10:21]} {[%emt 00:00:29]} Kb6 {[%clk
00:08:45]} {[%emt 00:01:02]} 23. Nxf6 {[%clk 00:10:27]} {[%emt 00:00:04]} Rad8
{[%clk 00:07:40]} {[%emt 00:01:16]} 1/2-1/2

[Event "Kadettlandskamp NOR-SWE B 2018"]
[Site "NTG, Bærum, Norway"]
[Date "2018.12.16"]
[Round "9.1"]
[White "Falkevall, Axel"]
[Black "Kizatbay, Abyl"]
[Result "1-0"]
[WhiteFideId "1735560"]
[BlackFideId "1521853"]
[WhiteElo "1715"]
[BlackElo "1952"]

1. e4 {[%clk 00:15:19]} c5 {[%clk 00:15:19]} {[%emt 00:00:01]} 2. c3 {[%clk
00:15:28]} {[%emt 00:00:02]} Nf6 {[%clk 00:15:26]} {[%emt 00:00:02]} 3. e5
{[%clk 00:15:37]} Nd5 {[%clk 00:15:35]} {[%emt 00:00:01]} 4. d4 {[%clk
00:15:46]} cxd4 {[%clk 00:15:42]} {[%emt 00:00:04]} 5. Nf3 {[%clk 00:15:55]} d6
{[%clk 00:15:47]} {[%emt 00:00:05]} 6. cxd4 {[%clk 00:16:03]} {[%emt 00:00:03]}
Nc6 {[%clk 00:15:37]} {[%emt 00:00:19]} 7. Bc4 {[%clk 00:16:12]} {[%emt
00:00:01]} Nb6 {[%clk 00:15:41]} {[%emt 00:00:06]} 8. Bb3 {[%clk 00:16:21]}
{[%emt 00:00:01]} dxe5 {[%emt 00:01:20]} 9. d5 Nd4 {[%clk 00:14:03]} {[%emt
00:00:38]} 10. Nxd4 {[%clk 00:16:37]} {[%emt 00:00:04]} exd4 {[%clk 00:14:11]}
{[%emt 00:00:03]} 11. Qxd4 {[%clk 00:16:45]} {[%emt 00:00:01]} e6 {[%clk
00:14:07]} {[%emt 00:00:14]} 12. Nc3 {[%clk 00:16:55]} Nxd5 {[%clk 00:12:44]}
{[%emt 00:01:33]} 13. Nxd5 {[%clk 00:16:31]} {[%emt 00:00:34]} exd5 {[%clk
00:12:51]} {[%emt 00:00:03]} 14. O-O {[%clk 00:16:39]} {[%emt 00:00:02]} Qa5
{[%clk 00:10:26]} {[%emt 00:02:35]} 15. Bg5 {[%clk 00:14:57]} {[%emt 00:01:52]}
Be6 {[%clk 00:10:14]} {[%emt 00:00:23]} 16. Rfe1 {[%clk 00:13:06]} {[%emt
00:02:00]} h6 {[%clk 00:07:47]} {[%emt 00:02:37]} 17. Qa4+ {[%clk 00:12:40]}
{[%emt 00:00:35]} Qxa4 {[%clk 00:07:01]} {[%emt 00:00:57]} 18. Bxa4+ {[%clk
00:12:49]} b5 {[%clk 00:07:07]} {[%emt 00:00:04]} 19. Bxb5# {[%clk 00:12:58]}
{[%emt 00:00:02]} 1-0

[Event "Kadettlandskamp NOR-SWE B 2018"]
[Site "NTG, Bærum, Norway"]
[Date "2018.12.16"]
[Round "9.2"]
[White "Olsson, William"]
[Black "Melaa, Sondre Lillestøl"]
[Result "1-0"]
[WhiteFideId "1741721"]
[BlackFideId "1530470"]
[WhiteElo "1743"]
[BlackElo "1838"]

1. Nf3 {[%clk 00:15:19]} {[%emt 00:00:01]} d5 {[%clk 00:15:18]} {[%emt
00:00:01]} 2. d4 {[%clk 00:15:26]} {[%emt 00:00:03]} Nf6 {[%clk 00:15:26]}
{[%emt 00:00:02]} 3. Bf4 {[%clk 00:15:34]} {[%emt 00:00:02]} e6 {[%clk
00:15:30]} {[%emt 00:00:06]} 4. e3 {[%clk 00:15:41]} {[%emt 00:00:03]} Bd6
{[%clk 00:15:38]} {[%emt 00:00:02]} 5. Bg3 {[%clk 00:15:44]} {[%emt 00:00:07]}
O-O {[%clk 00:15:44]} {[%emt 00:00:04]} 6. Nbd2 {[%clk 00:15:53]} {[%emt
00:00:02]} b6 {[%clk 00:15:51]} {[%emt 00:00:03]} 7. c3 {[%clk 00:16:02]}
{[%emt 00:00:01]} c5 {[%clk 00:15:31]} {[%emt 00:00:29]} 8. Bd3 {[%emt
00:00:05]} Ba6 {[%clk 00:15:12]} {[%emt 00:00:27]} 9. Qe2 {[%clk 00:15:15]}
{[%emt 00:01:05]} Bxd3 {[%clk 00:15:14]} {[%emt 00:00:07]} 10. Qxd3 {[%clk
00:15:23]} {[%emt 00:00:02]} Nc6 {[%clk 00:15:03]} {[%emt 00:00:21]} 11. Ne5
{[%clk 00:15:21]} {[%emt 00:00:12]} Qc7 {[%clk 00:14:40]} {[%emt 00:00:33]} 12.
f4 {[%clk 00:14:51]} {[%emt 00:00:41]} Ne7 {[%clk 00:14:35]} {[%emt 00:00:14]}
13. O-O {[%clk 00:13:07]} {[%emt 00:01:55]} Nf5 {[%clk 00:14:31]} {[%emt
00:00:13]} 14. Bf2 {[%clk 00:13:15]} {[%emt 00:00:02]} Be7 {[%clk 00:14:39]}
{[%emt 00:00:01]} 15. Rac1 {[%clk 00:13:05]} {[%emt 00:00:21]} c4 {[%clk
00:13:51]} {[%emt 00:00:58]} 16. Qe2 {[%clk 00:12:57]} {[%emt 00:00:17]} Nd6
{[%clk 00:13:54]} {[%emt 00:00:08]} 17. Bh4 {[%clk 00:12:28]} {[%emt 00:00:32]}
Nfe4 {[%clk 00:13:45]} {[%emt 00:00:26]} 18. Nxe4 {[%clk 00:11:42]} {[%emt
00:00:55]} Nxe4 {[%clk 00:13:44]} {[%emt 00:00:12]} 19. Qg4 {[%clk 00:11:22]}
{[%emt 00:00:29]} Bxh4 {[%clk 00:11:40]} {[%emt 00:02:16]} 20. Qxh4 {[%clk
00:11:30]} {[%emt 00:00:02]} f6 {[%clk 00:11:46]} {[%emt 00:00:03]} 21. Ng4
{[%clk 00:10:42]} {[%emt 00:00:57]} Qd7 {[%clk 00:08:51]} {[%emt 00:03:06]} 22.
Rf3 {[%clk 00:10:31]} {[%emt 00:00:22]} Qf7 {[%clk 00:07:39]} {[%emt 00:01:22]}
23. Rh3 {[%clk 00:10:31]} {[%emt 00:00:09]} Qg6 {[%clk 00:07:43]} {[%emt
00:00:06]} 24. Nf2 {[%clk 00:09:05]} {[%emt 00:01:36]} Rae8 {[%clk 00:06:21]}
{[%emt 00:01:31]} 25. Rf1 {[%clk 00:08:27]} {[%emt 00:00:48]} Re7 {[%clk
00:05:09]} {[%emt 00:01:24]} 26. g4 {[%clk 00:06:01]} {[%emt 00:02:35]} h6
{[%clk 00:04:35]} {[%emt 00:00:44]} 27. Nd1 {[%clk 00:04:23]} {[%emt 00:01:47]}
Nd2 {[%clk 00:03:26]} {[%emt 00:01:19]} 28. Re1 {[%clk 00:04:08]} {[%emt
00:00:25]} Ref7 {[%clk 00:03:25]} {[%emt 00:00:12]} 29. Rg3 {[%clk 00:03:48]}
{[%emt 00:00:30]} Qh7 {[%clk 00:00:51]} {[%emt 00:02:45]} 30. Nf2 {[%clk
00:03:39]} {[%emt 00:00:18]} Ne4 {[%clk 00:00:57]} {[%emt 00:00:04]} 31. Rg2
{[%clk 00:03:34]} {[%emt 00:00:14]} Qg6 {[%clk 00:00:20]} {[%emt 00:00:48]} 32.
Kh1 {[%clk 00:02:31]} {[%emt 00:01:12]} Nd2 {[%clk 00:00:21]} {[%emt 00:00:10]}
33. Qh3 {[%clk 00:02:17]} {[%emt 00:00:22]} e5 {[%clk 00:00:25]} {[%emt
00:00:08]} 34. f5 {[%clk 00:01:34]} {[%emt 00:00:54]} Qg5 {[%clk 00:00:30]}
{[%emt 00:00:03]} 35. Qg3 {[%clk 00:01:37]} {[%emt 00:00:08]} Ne4 {[%clk
00:00:17]} {[%emt 00:00:23]} 36. Nxe4 {[%clk 00:01:44]} {[%emt 00:00:03]} dxe4
{[%clk 00:00:26]} {[%emt 00:00:01]} 37. h4 {[%clk 00:01:52]} {[%emt 00:00:02]}
exd4 {[%clk 00:00:19]} {[%emt 00:00:17]} 38. hxg5 {[%clk 00:02:01]} d3 {[%clk
00:00:29]} 39. gxh6 {[%clk 00:02:01]} {[%emt 00:00:11]} Rd7 {[%clk 00:00:37]}
{[%emt 00:00:02]} 40. Rd2 {[%clk 00:02:04]} {[%emt 00:00:06]} gxh6 {[%clk
00:00:43]} {[%emt 00:00:04]} 41. Qf4 {[%clk 00:02:12]} {[%emt 00:00:02]} Re7
{[%clk 00:00:35]} {[%emt 00:00:19]} 42. Kg2 {[%clk 00:02:13]} {[%emt 00:00:08]}
Kg7 {[%clk 00:00:40]} {[%emt 00:00:05]} 43. Rh1 {[%clk 00:02:20]} {[%emt
00:00:03]} Rh8 {[%clk 00:00:47]} {[%emt 00:00:04]} 44. Qd6 {[%clk 00:02:22]}
{[%emt 00:00:06]} Rf7 {[%clk 00:00:55]} {[%emt 00:00:04]} 45. Qd5 {[%clk
00:02:27]} {[%emt 00:00:04]} h5 {[%clk 00:00:58]} {[%emt 00:00:07]} 46. Rxh5
{[%clk 00:02:33]} {[%emt 00:00:04]} Rg8 {[%clk 00:01:06]} {[%emt 00:00:02]} 47.
Qxe4 {[%clk 00:02:37]} {[%emt 00:00:06]} Kf8 {[%clk 00:01:13]} {[%emt
00:00:03]} 48. Kf3 {[%clk 00:02:40]} {[%emt 00:00:07]} Re7 {[%clk 00:01:20]}
{[%emt 00:00:03]} 49. Qxc4 {[%clk 00:02:48]} {[%emt 00:00:02]} b5 {[%clk
00:01:26]} {[%emt 00:00:05]} 50. Qxd3 {[%clk 00:02:48]} {[%emt 00:00:09]} b4
{[%clk 00:01:34]} {[%emt 00:00:02]} 51. Qd8+ {[%clk 00:02:52]} {[%emt
00:00:06]} Kf7 {[%clk 00:01:40]} {[%emt 00:00:02]} 52. Rh7+ {[%clk 00:03:00]}
{[%emt 00:00:04]} 1-0